000 00777nam 2200181 4500
001 5979
090 _a5979
100 _a20190729k u||y0frey50 ba
101 _afre
200 _aEncore un Noël sans nos êtres chers, plus de cent enfants disparus en Argentine, où sont-ils ? Aidez-nous à la retrouver
_bBrochure
_edes témoignages, des informations, des propositions d'action, des lettres
210 _aGenève
_cJ.-L. Baumgartner
_d1982 déc.
215 _a39 p.
_cill.
_d21 cm
601 _96820
_aGrands-mères de la place de Mai
_yArgentine
_z1977-
606 _96821
_aArgentine 1976-1983 : Dictature militaire Processus de réorganisation nationale
606 _91411
_aDroits de l'homme
607 _91862
_aArgentine
608 _91853
_aRecueil de documents
801 _aCH
_bCH-002049-8